000 00388cam a2200169 4500
001 D12620
008 090401t1969 xxu||||| |||| 00| 0 eng d
035 _a(Sirsi) u4744
041 _aeng
100 _aDenman, D.R.
245 _aLand use and the construction of property
260 _bCambridge UP
_c1969
350 _a0
520 _aShelf 179
942 _n0
948 _c04/03/1997
999 _c86057
_d86057